BIBLIOTHÈQUE DE LA MAISON DU MEXIQUE

Logo 1 Logo 2

José Clemente Orozco (notice nᵒ 1709)

détails MARC
000 -Sello discográfico
campo de control de longitud fija 01051nam a2200313 4500
005 - Identificación de versión
campo de control 20251211122905.0
010 ## - Número Estándar Internacional de Libros (ISBN)
Número (ISBN) 968-29-9336-9
035 ## - Otros números de control del sistema
Número de control del sistema 27396
099 ## - fechas locales
Tipo de ítem Koha LIBRO
100 ## - Datos de procesamiento general
Datos de procesamiento general 19970530d19991997m y1spay5003 ba
105 ## - Campo de datos codificados: Material textual, monográfico
Datos codificados de monografía a 001zy
200 1# - Título y mención de responsabilidad
Título propio José Clemente Orozco
Designación general del material texto impreso
Otra información del título la pintura mural mexicana
Primer mención de responsabilidad Renato González Mello
205 ## - Declaración de edición
Declaración de edición 1a reimpr de la 1a ed
210 ## - Publicación, distribución, etc.
Lugar de publicación, distribución, etc. México
Nombre del editor, distribuidor, etc. Consejo Nacional para la Cultura y las Artes
Fecha de publicación, distribución, etc. 1999
215 ## - Descripción física
Designación de material específico y extensión del ítem 48, 30 p
Otras características físicas fot.
Dimensiones 17 cm
345 ## - Nota de información de adquisición
Fuente de adquisición/dirección de la suscripción [OBSOLETO] Donación del CNCA
410 #1 - Series
Título Círculo de arte
600 ## - Nombre personal usado como materia
Elemento de entrada Orozco Flores
Parte del nombre distinta del elemento de entrada José Clemente
Fechas 1883-1949
Subdivisión temática Crítica e interpretación
Número Koha 4239
606 ## - Término temático usado como materia
Elemento de entrada Pintura mural y decoración
Subdivisión cronológica Siglo XX
Subdivisión geográfica México
Número Koha 4240
660 ## - Código de área geográfica
Código MX
700 ## - Nombre personal - Responsabilidad primaria
Elemento de entrada González Mello
Parte del nombre distinta del elemento de entrada Renato
Fechas 1964-
Número Koha 4241
801 #0 - Fuente de origen
Agencia cm
900 ## -
-- 1/14127
900 ## -
-- 710973610\\300597
942 ## - ELEMENTOS DE ENTRADA SECUNDARIOS (KOHA)
Tipo de ítem Koha Livre
996 ## -
-- MEX
-- 751145101
-- MMAG
-- 003444
-- 704.9 C571 V.18
-- 20191017LIV
Exemplaires
Estatus retirado Estado de daño Estado de pérdida Fecha de adquisición Biblioteca de origen Biblioteca actual Ubicación en estantería Código de barras Precio de reemplazo Signatura topográfica completa No para préstamo Tipo de ítem Koha Nota pública Nota no pública
      05/08/2025 Casa México Paris Casa México Paris   003444 05/08/2025 704.9 C571 V.18   Livre 20191017LIV 751145101